Gerakan Ke Khaybar [

Bibliographic Details
Format: Book
Published: Kuala Lumpur : Dewan Bahasa Dan Pustaka , 2006
Subjects:

MARC

LEADER 00000cam a2200000 7i4500
001 0000124435
005 20090812.0
020 |a 9836287752 
090 0 0 |a J 297.18   |b GER 
245 0 0 |a Gerakan Ke Khaybar [  |h electronic resource] 
260 |a Kuala Lumpur :   |b Dewan Bahasa Dan Pustaka ,   |c 2006 
300 |a 1 Electronic computer optical disc (CD-ROM) 
500 |a Library has 3 copies 
650 0 0 |a Children's stories 
650 0 0 |a Islamic stories   |x Juvenile literature 
999 |a CR 000328   |b CD-ROM   |c PINJAMAN   |e PERPUSTAKAAN KOMUNITI PETALING JAYA 
999 |a CR 000362   |b CD-ROM   |c PINJAMAN   |e PERPUSTAKAAN KOMUNITI PETALING JAYA 
999 |a CR 000363   |b CD-ROM   |c PINJAMAN   |e PERPUSTAKAAN KOMUNITI PETALING JAYA